Studies on cattle phenotypic and genetic performance traits in friesian cattle (Record no. 1242)

MARC details
000 -LEADER
fixed length control field 01136nam a2200289Ia 4500
001 - CONTROL NUMBER
control field u20749
003 - CONTROL NUMBER IDENTIFIER
control field SIRSI
005 - DATE AND TIME OF LATEST TRANSACTION
control field 20180219123632.0
007 - PHYSICAL DESCRIPTION FIXED FIELD--GENERAL INFORMATION
fixed length control field he bmbb |acu|
008 - FIXED-LENGTH DATA ELEMENTS--GENERAL INFORMATION
fixed length control field 030816s1997 ua a bb 001 0 eng d
026 ## - FINGERPRINT IDENTIFIER
Date 1997
039 #9 - LEVEL OF BIBLIOGRAPHIC CONTROL AND CODING DETAIL [OBSOLETE]
Level of rules in bibliographic description 200309201336
Level of effort used to assign nonsubject heading access points safaa
-- 200308161351
-- doaa
040 ## - CATALOGING SOURCE
Original cataloging agency EAL
090 ## - LOCALLY ASSIGNED LC-TYPE CALL NUMBER (OCLC); LOCAL CALL NUMBER (RLIN)
Classification number (OCLC) (R) ; Classification number, CALL (RLIN) (NR) Thesis
Local cutter number (OCLC) ; Book number/undivided call number, CALL (RLIN) S-2684
100 1# - MAIN ENTRY--PERSONAL NAME
Personal name Tag El-Dien, Mohamed Abdel-Halim.
245 10 - TITLE STATEMENT
Title Studies on cattle phenotypic and genetic performance traits in friesian cattle
Medium [microform] /
Statement of responsibility, etc. Mohamed Abdel-Halim Tag El-Dien.
246 15 - VARYING FORM OF TITLE
Title proper/short title دراسات علي الماشية : المعايير الوراثية والمظهرية لبعض الصفات في ماشية الفريزيان
300 ## - PHYSICAL DESCRIPTION
Extent 154, 5 leaves :
Other physical details ill. ;
Dimensions 30 cm.
502 ## - DISSERTATION NOTE
Dissertation note Thesis (Ph.D. )-- Alexandria University, 1997.
504 ## - BIBLIOGRAPHY, ETC. NOTE
Bibliography, etc. note Includes bibliographical reference (leaves 128-154)
533 ## - REPRODUCTION NOTE
Type of reproduction Microfiche.
Place of reproduction Cairo, Egypt :
Agency responsible for reproduction ASUNET,
Physical description of reproduction 3 microfiche : negative.
546 ## - LANGUAGE NOTE
Language note Summary in Arabic.
596 ## -
-- 1
650 #0 - SUBJECT ADDED ENTRY--TOPICAL TERM
Topical term or geographic name entry element Cattle
General subdivision Genetics.
650 #0 - SUBJECT ADDED ENTRY--TOPICAL TERM
Topical term or geographic name entry element Friesian cattle
General subdivision Genetics.
942 ## - ADDED ENTRY ELEMENTS (KOHA)
Koha item type Microfiche
Source of classification or shelving scheme Library of Congress Classification
Holdings
Withdrawn status Lost status Source of classification or shelving scheme Damaged status Not for loan Home library Current library Date acquired Total Checkouts Full call number Barcode Date last seen Copy number Price effective from Koha item type
    Library of Congress Classification     Main Main 02/19/2018   THESIS S-2684 3095-1001 02/19/2018 1 02/19/2018 Microfiche

Home | About ENAL | Collections | Services | Activities | Calendar | Contact us

7 Nadi El Sayed St., Giza, Egypt | Phone:02-33351121 +02-33351313 | 
| Email: enalegypt@gmail.com